00669 2200229 4500001002100000005001500021035002000036007000300056008004100059020002200100082001000122084001600132100002300148245009000171250002300261300001600284700003600300264003600336336002100372337001900393338002700412INLIS00000000000012620241021114842 a0010-1024000017ta241021 c 0 ind  a978-602-5400-42-1 a2X5.1 a2X5.1 GUN p0 aGunawanePengarang1 aPendidikan Akidah Akhlak SMP Muhammadiyah Kelas VIII /cGunawan, M. Husain Kamaruddin aCetakan 2, Jilid 2 a148 :bilus0 aM. Husain KamaruddinePengarang aYogyakarta :bGramasurya,c2019 2rdacontentateks 2rdamediaaBuku 2rdacarrieraSoft Cover